000 00908nam a22002417a 4500
005 20240530110956.0
008 151221s2007 ua g 000 0 ara d
040 _aEG-CaGPL
082 0 4 _221
_a658.05 \
_bا ت
100 0 _aايمان صالح عبدالفتاح
245 1 2 _aالتخطيط الاستراتيجى فى المنظمات الرقمية /
_cتاليف ايمان صالح عبدالفتاح
250 _aط1
260 _aالقاهرة :
_bايبيس كوم للنشر والتوزيع ،
_c2007 .
300 _a198 ص ؛
_c24 سم .
650 0 4 _aالاقتصاد الرقمى
650 0 4 _aالمنظمات الرقمية
650 0 4 _aالادارة
650 0 4 _aالادارة الالكترونية
650 0 4 _aالفساد الادارى
650 0 4 _aالتجارة الالكترونية
942 _2ddc
_cBK
999 _c67086
_d67086